000 01150nam a2200313 c 4500
003 BLK
005 20180420214030.0
008 180412b bul|||||r ||||||| ||bul||
010 _aKNG00007125000
020 _a954-418-064-8
_bиздат.: Галактика
040 _aBLK
041 _aBUL
_cBUL
080 _aАмериканска литература (на САЩ)
_b821.111(73)
_x-312.9
_z821.111(73)-312.9
100 1 _aДелейни, Самюъл Р.
_eпърви автор
_959539
139 _aДелейни, Самюъл Р.
_bД 36
245 1 0 _aСъкровището на Аптор
_bФантаст. роман
_cСамюъл Р. Делейни.
257 _aUSA
260 Варна
_bГалактика
_c1995
300 _a191 с.
_c16 см
380 _aX
490 1 _aБиблиотека Галактика
490 1 _3Подсерия
_aФантастика
_v116
500 _aОриг. загл. The Jewels of Aptor / Samuel R. Delany.
852 _aЦб І 27677
856 4 _qpdf
_u
856 4 _qpdf
_u
942 _cKNG
_n0
944 _aCR
_c15.01.2003
_kAB_DOS
944 _aED
_c13.03.2018
_kГеновева_Генчева
999 _c5915
_d5915